| 000 | 01455nam2a22003251 4500 | ||
|---|---|---|---|
| 001 | v19\rc\1492391 | ||
| 005 | 20250618155852.0 | ||
| 035 | _a(NLR Aleph) 004621711 | ||
| 090 |
_a3049487 _c3049487 |
||
| 100 | _a20060620d1881 |||y0rusy50 ca | ||
| 101 | 1 |
_arus _cger |
|
| 102 | _aRU | ||
| 105 | _aab z ||||| | ||
| 200 | 0 |
_a[Вып. 1] _fПер. с нем. А.В. Прахова, доц. Имп. С.-Петерб. ун-та |
|
| 210 |
_d1881 _aБ. м. |
||
| 215 |
_a[4], 656, VIII с., 15 л. ил., карт. _cил., карт. |
||
| 461 | 0 |
_1001v19\rc\1492390 _12001#$aИстория Греции$f[Соч.] Д-ра Г.Ф. Герцберга, проф. Галльск. ун-та. [Вып. 1]-2$v[Вып. 1] _1700#1$aГерцберг$bГ.Ф.$f1826-1907$gГустав Фридрих _93049480 _aГерцберг, Г.Ф. (1826-1907) _cСанкт-Петербург _d1881-1882 _f[Соч.] Д-ра Г.Ф. Герцберга, проф. Галльск. ун-та. [Вып. 1]-2 _nН. Фену и К° _p2 т. _tИстория Греции _v[Вып. 1] |
|
| 702 | 1 |
_aПрахов _bА.В. _f1846-1916 _gАдриан Викторович _4730 |
|
| 801 | 0 |
_aRU _bNLR _gpsbo |
|
| 801 | 0 |
_aRU _bRuMoRGB _2psbo |
|
| 801 | 1 |
_aRU _bProSoft-M _2rusmarc |
|
| 852 |
_aNLR _j18.224.5.55 |
||
| 899 |
_aRuMoRGB _jG 57/61 |
||
| 899 |
_aRuMoRGB _jU 300/88 |
||
| 899 | _aБАН | ||
| 899 | _aНБ СПбГУ | ||
| 899 | _aГПИБ | ||
| 899 | _aНБ МГУ | ||
| 942 | _cBOOK | ||
| 980 | _aNB | ||